书目信息 |
| 题名: |
对数放大器
|
|
| 作者: | 孔俊宝 著 | |
| 分册: | ||
| 出版信息: | 北京 国防工业出版社 1987 |
|
| 页数: | 87页 | |
| 开本: | 20cm | |
| 丛书名: | ||
| 单 册: | ||
| 中图分类: | TN722.5 | |
| 科图分类: | ||
| 主题词: | 对数放大器 | |
| 电子资源: | ||
| ISBN: | ||
| 000 | 00616nam0 2200241 45 | |
| 001 | 0187006254 | |
| 005 | 20040517153656.0 | |
| 010 | @dCNY0.73 | |
| 091 | @a15034.3202 | |
| 100 | @a19900830d1987 em y0chiy0121 ea | |
| 101 | 0 | @achi |
| 102 | @aCN@b110000 | |
| 105 | @ay z 000yy | |
| 106 | @ar | |
| 200 | 10 | @a对数放大器@Adui shu fang da qi@f孔俊宝著 |
| 210 | @a北京@c国防工业出版社@d1987 | |
| 215 | @a87页@d20cm | |
| 606 | @a对数放大器 | |
| 690 | @aTN722.5@v3 | |
| 701 | 0 | @a孔俊宝@Akong jun bao@4著 |
| 801 | 0 | @aCN@b深圳图书馆@c20040517 |
| 801 | 2 | @aCN@bNLC@c20040517 |
| 905 | @f1@b203104@dTN722.5@e109 | |
| 对数放大器/孔俊宝著.-北京:国防工业出版社,1987 |
| 87页;20cm |
| ISBN :CNY0.73 |
| ● |
| 相关链接 |
|
|
|
|
正题名:对数放大器
索取号:TN722.5/109
 
预约/预借
| 序号 | 登录号 | 条形码 | 馆藏地/架位号 | 状态 | 备注 |
| 1 | 0203104 | 001357695 | 第三借阅区/ [索取号:TN722.5/109] | 在馆 | |
| 2 | 0203105 | 001954914 | 第二样本阅览室/ [索取号:TN722.5/109] | 在馆 |